50 Greatest Bassists (According to Rolling Stone)) - Statistics

General Stats
  • This quiz has been taken 270 times
  • The average score is 11 of 50
Answer Stats
Number Song They Played Answer % Correct
9 Helter Skelter Paul McCartney
85%
22 Dani California Flea
71%
32 Roxanne Sting
64%
24 Tom Sawyer Geddy Lee
60%
3 My Generation John Entwistle
60%
14 Trampled Under Foot John Paul Jones
58%
33 Ace of Spades Lemmy
58%
25 Orion Cliff Burton
43%
23 Paint It Black Bill Wyman
40%
36 Tommy The Cat Les Claypool
39%
37 Rihannon John McVie
35%
4 Bootzilla Bootsy Collins
31%
18 Roundabout Chris Squire
31%
21 Sweet Leaf Geezer Butler
28%
8 Birdland Jaco Pastorius
28%
29 Psycho Killer Tina Weymouth
26%
1 I Heard It Through The Grapevine James Jamerson
25%
49 Nightrain Duff McKagan
22%
6 World of Pain Jack Bruce
17%
48 Debaser Kim Deal
16%
39 Teenage Riot Kim Gordon
16%
46 She's Lost Control Peter Hook
15%
35 I Keep Forgettin’ (Every Time You’re Near) Louis Johnson
14%
5 Help Me, Rhonda Carol Kaye
13%
2 Alone Together Charles Mingus
12%
7 Dance to the Music Larry Graham
12%
31 Le Freak Bernard Edwards
11%
11 Shakedown Street Phil Lesh
11%
20 Up on Cripple Creek Rick Danko
11%
13 500 Miles High Stanley Clarke
10%
50 Zodiac Shit Thundercat
10%
43 Corona Mike Watt
9%
10 Verses From the Abstract Ron Carter
9%
40 Heartbreak Hotel Bill Black
6%
38 Send It On Pino Palladino
6%
42 Slip Away Tony Levin
6%
19 Can’t Hide Love Verdine White
6%
15 When Something Is Wrong With My Baby Donald Dunn
5%
41 Cissy Strut George Porter
5%
30 King of the Road Bob Moore
4%
47 Handy Man Leland Sklar
4%
34 Meeting Across the River Richard Davis
4%
12 I Ain’t Superstitious Willie Dixon
4%
28 The Liquidator Aston Barrett
3%
27 I’ll Take You There David Hood
3%
45 Samba Em Preludio Esperanza Spalding
3%
26 Adelante Israel Lopez
3%
17 No Name On The Bullet Robbie Shakespeare
3%
16 Lonely Woman Charlie Haden
2%
44 Sihambile Joseph Makwela
2%
No matching quizzes found
Score Distribution
Percent of People with Each Score
Percentile by Number Answered
Your Score History
You have not taken this quiz